00313nam a2200133Ia 4500003000400000005001700004008004000021040000700061041000800068082001200076100002100088245003600109260003400145OSt20221121100313.0210210b1956 xxu||||| |||| 00| 0 eng d cAL aeng a425/152 aJESPERSON (Otto) aGrowth and structure of English aOxfordbBasil Blackwellc1956